| 000 | 00372cam a22001577a 4500 | ||
|---|---|---|---|
| 020 | _a1842650467 | ||
| 020 | _a9781842650462 | ||
| 082 | 0 | 4 |
_a621.4022 _bDAS/PR |
| 100 | 1 | _aDas, Sarit K. | |
| 245 | 1 | 0 | _aProcess heat transfer / |
| 260 |
_aNew Delhi _bNarosa Publishing House _c2009 |
||
| 300 |
_axiv, 732 p. : _bill. ; |
||
| 650 | 0 | _aHeat | |
| 650 | 4 | _aCalor | |
| 942 | _cBK | ||
| 999 |
_c13894 _d13894 |
||